Les régies publicitaires de la presse en ligne (notice n° 1646815)

détails MARC
000 -LEADER
fixed length control field 02256cam a2200193 4500500
005 - DATE AND TIME OF LATEST TRANSACTION
control field 20260208003033.0
041 ## - LANGUAGE CODE
Language code of text/sound track or separate title fre
042 ## - AUTHENTICATION CODE
Authentication code dc
100 10 - MAIN ENTRY--PERSONAL NAME
Personal name Ouakrat, Alan
Relator term author
245 00 - TITLE STATEMENT
Title Les régies publicitaires de la presse en ligne
260 ## - PUBLICATION, DISTRIBUTION, ETC.
Date of publication, distribution, etc. 2010.<br/>
500 ## - GENERAL NOTE
General note 45
520 ## - SUMMARY, ETC.
Summary, etc. RésuméCet article s’intéresse aux régies publicitaires des sites de presse sur internet. Nous décrivons tout d’abord leur inscription organisationnelle dans les entreprises de presse. Nous étudions ensuite leur positionnement sur le marché de la publicité graphique en ligne ( display), en soulignant le déséquilibre global des rapports de forces entre offreurs (régies) et demandeurs (agences media). Nous montrons enfin qu’il existe deux conventions concurrentes de qualification des produits publicitaires, une convention « traditionnelle » valorisant bien les produits des sites de presse, et une convention de « performance » moins favorable. La prolifération des équipements de la convention de performance fait qu’une partie des produits des régies de la presse sont soumis à un processus de déqualification-requalification, qui se traduit par une baisse des prix.
520 ## - SUMMARY, ETC.
Summary, etc. This article examines on-line press advertising departments. The authors begin by describing these departments’ organizational embeddedness in the firm. They then study their positioning in the on-line display advertising market and highlight the overall power imbalance between supply (advertising departments) and demand (media agencies). Finally, they show that two competing conventions exist in the qualification of advertising products: a «traditional» convention that promotes press websites’ products; and a «performance» convention that is less suitable to them. The proliferation of performance convention equipment has meant that some press advertising department products are subject to a process of disqualification-requalification that results in a drop in prices.
700 10 - ADDED ENTRY--PERSONAL NAME
Personal name Beuscart, Jean-Samuel
Relator term author
700 10 - ADDED ENTRY--PERSONAL NAME
Personal name Mellet, Kevin
Relator term author
786 0# - DATA SOURCE ENTRY
Note Réseaux | 160-161 | 2 | 2010-04-23 | p. 133-161 | 0751-7971
856 41 - ELECTRONIC LOCATION AND ACCESS
Uniform Resource Identifier <a href="https://shs.cairn.info/revue-reseaux-2010-2-page-133?lang=fr&redirect-ssocas=7080">https://shs.cairn.info/revue-reseaux-2010-2-page-133?lang=fr&redirect-ssocas=7080</a>

Pas d'exemplaire disponible.

PLUDOC

PLUDOC est la plateforme unique et centralisée de gestion des bibliothèques physiques et numériques de Guinée administré par le CEDUST. Elle est la plus grande base de données de ressources documentaires pour les Étudiants, Enseignants chercheurs et Chercheurs de Guinée.

Adresse

627 919 101/664 919 101

25 boulevard du commerce
Kaloum, Conakry, Guinée

Réseaux sociaux

Powered by Netsen Group @ 2025